La investigación en el trabajo social contemporáneo (Registro nro. 7852)
[ vista simple ]
| 000 -LEADER | |
|---|---|
| fixed length control field | 01472nam a2200265Ia 4500 |
| 005 - DATE AND TIME OF LATEST TRANSACTION | |
| control field | 20250329173538.0 |
| 008 - FIXED-LENGTH DATA ELEMENTS--GENERAL INFORMATION | |
| fixed length control field | 200810s2014 xx 000 0 spa d |
| 020 ## - INTERNATIONAL STANDARD BOOK NUMBER | |
| International Standard Book Number | 9789588359397 |
| 040 ## - CATALOGING SOURCE | |
| Original cataloging agency | CO-CtgCURN |
| Language of cataloging | spa |
| Transcribing agency | coctgcurn |
| 082 ## - DEWEY DECIMAL CLASSIFICATION NUMBER | |
| Classification number | 361.3 |
| Item number | F194 |
| 100 ## - MAIN ENTRY--PERSONAL NAME | |
| Personal name | Falla Ramírez, Uva |
| Relator term | autora |
| 245 #0 - TITLE STATEMENT | |
| Title | La investigación en el trabajo social contemporáneo |
| Medium | [electronic resource] / |
| Statement of responsibility, etc. | Uva Falla Ramírez |
| 260 ## - PUBLICATION, DISTRIBUTION, ETC. | |
| Place of publication, distribution, etc. | Bogotá; |
| Name of publisher, distributor, etc. | Universidad Colegio Mayor de Cundinamarca, |
| Date of publication, distribution, etc. | 2014 |
| 300 ## - PHYSICAL DESCRIPTION | |
| Extent | recurso en línea (160 páginas) : |
| 336 ## - CONTENT TYPE | |
| Content type term | texto |
| Content type code | txt |
| 337 ## - MEDIA TYPE | |
| Media type term | computador |
| Media type code | c |
| 338 ## - CARRIER TYPE | |
| Carrier type term | recurso en línea |
| Carrier type code | cr |
| 504 ## - BIBLIOGRAPHY, ETC. NOTE | |
| Bibliography, etc. note | Incluye referencias bibliográficas |
| 505 ## - FORMATTED CONTENTS NOTE | |
| Formatted contents note | El debate: la investigación vs. La praxis investigativa en el contexto del trabajo social -- Desaprender para aprehender: aportes de la intervención a la investigación en trabajo social -- Estilos de investigación en trabajo social -- Tendencias de la investigación: incidencia en la formación y en la práctica del trabajo social -- Tendencias contemporáneas en el trabajo social --- Perspectivas y retos para la investigación en trabajo social |
| 590 ## - LOCAL NOTE (RLIN) | |
| Local note | Programa de Trabajo Social_26 |
| 650 ## - SUBJECT ADDED ENTRY--TOPICAL TERM | |
| Topical term or geographic name entry element | Trabajo social |
| 856 ## - ELECTRONIC LOCATION AND ACCESS | |
| Uniform Resource Identifier | <a href="https://unicurn.sharepoint.com/:b:/s/biblioteca/EXZWimaZUC9Ap-vmt6EHG1UBL_7BKaFwQFEmLGo_yhTeog?e=dc4Oll">https://unicurn.sharepoint.com/:b:/s/biblioteca/EXZWimaZUC9Ap-vmt6EHG1UBL_7BKaFwQFEmLGo_yhTeog?e=dc4Oll</a> |
| Public note | Vea este libro electrónico |
| 942 ## - ADDED ENTRY ELEMENTS (KOHA) | |
| Koha item type | Libros electrónicos |
| Classification part | 361.3 |
| Item part | F194 |
| Withdrawn status | Lost status | Source of classification or shelving scheme | Damaged status | Not for loan | Collection | Home library | Current library | Shelving location | Date acquired | Total checkouts | Full call number | Date last seen | Price effective from | Koha item type |
|---|---|---|---|---|---|---|---|---|---|---|---|---|---|---|
| Dewey Decimal Classification | Libros electrónicos | Miguel Henríquez Castañeda Barranquilla | Miguel Henríquez Castañeda Barranquilla | 08/07/2020 | 361.3 F194 | 08/10/2020 | 08/10/2020 | Libros electrónicos |